| 000 | 00626nac a22001931u 4500 | ||
|---|---|---|---|
| 008 | 101004s2004 ii|||||rr||| 00010 eengd | ||
| 020 | _a8120324935 | ||
| 020 | _a9788120324930 | ||
| 082 |
_a621.3845 _bBAS _222 |
||
| 100 |
_a20080729 _920054 |
||
| 110 |
_917750 _aNIIT (Corporation) |
||
| 245 |
_aBasics of Wireless Communication / _cNIIT Corporation |
||
| 260 |
_aNew Delhi : _bPrentice Hall of India, _c2004. |
||
| 300 |
_a260 p. : _bill. ; _c24 cm. |
||
| 500 | _aIncludes index. | ||
| 650 |
_aWireless communication systems. _912950 |
||
| 710 |
_aNIIT (Corporation) _920055 |
||
| 942 |
_cBB _k621.3845 BAS _2ddc |
||
| 999 |
_c756 _d756 |
||